Japanese criminal justice

Guardat en:
Dades bibliogràfiques
Autor principal: Castberg, A. Didrick (Autor)
Format: Llibre
Idioma:anglès
Publicat: Nueva York Praeger, 1990
Matèries:
Etiquetes: Afegir etiqueta
Sense etiquetes, Sigues el primer a etiquetar aquest registre!

MARC

LEADER 00000nam a2200000 a 4500
001 UCY1991
003 CL-VaPUC
008 941004e19900000US |||||||||||||||||eng|d
082 0 4 |a 364.952  |b CAS  |2 21 
100 0 |a Castberg, A. Didrick  |e author  |9 330052 
245 1 0 |a Japanese criminal justice 
300 |a 153 p 
942 |c BK 
945 |d 19941004 00:00:00  |a aalvarez 
260 |a Nueva York  |b Praeger,  |c 1990 
650 7 |a DERECHO  |2 CL-VaPUC  |9 330053 
651 0 |a Japón   |9 260391 
583 |a last modification  |c 19941004 00:00:00  |k Rodrigo Vera 
999 |c 230526  |d 230524 
952 |0 0  |1 0  |4 0  |6 364_952000000000000_CAS_1990  |7 0  |8 A  |9 232885  |a BIBDER  |b BIBDER  |d 2019-11-15  |i 3023850  |o 364.952 CAS 1990  |p 3023850  |r 2023-01-25  |w 2019-11-15  |y BK  |k DER